| 000 | 00712nam a2200205Ia 4500 | ||
|---|---|---|---|
| 001 | 11644 | ||
| 003 | GE_BSU | ||
| 008 | 181216s||||||||xx |||||||||||||| ||und|| | ||
| 020 | _a1987-5045 | ||
| 040 | _cGE_BSU | ||
| 245 | _aკარიბჭე №18 (260), 28აგვისტო–10სექტემბერი, 2014 | ||
| 245 | _bმართლმადიდებლური ჟურნალი. | ||
| 245 | _cმთავარი რედაქტორი: თამარ მამაცაშვილი. | ||
| 260 | _aთბილისი | ||
| 260 | _c2014 | ||
| 300 | _a78გვ.28სმ. | ||
| 653 | _aკარიბჭე. | ||
| 653 | _aპერიოდიკა | ||
| 942 | _cCR | ||
| 999 |
_c44830 _d44830 |
||